Statistics for Modern-Day Countries of the Imerinan Empire on a Map

Click here to take the quiz!

General Stats

  • This quiz has been taken 438 times
  • The average score is 6 of 7

Answers on the Map

Answers color-coded by a green-red scale on the quiz's map according to % correct below.
 

Answer Stats

Country% Correct
Madagascar
99%
South Africa
96%
Mozambique
94%
Comoros
93%
Tanzania
92%
Eswatini
89%
France
82%

Score Distribution

Percentile by Number Answered

Percent of People with Each Score

Your Score History

You have not taken this quiz